[Event "V4 Liptov 2017"]
[Site "?"]
[Date "2017.06.22"]
[Round "2.1"]
[White "Bochnicka, Vladimir"]
[Black "Ochmyt, Jakub"]
[Result "1/2-1/2"]
[BlackElo "1711"]
[WhiteElo "1926"]
[LiveChessVersion "1.4.8"]

1. e4 {[%clk 1:00:58]} e6 {[%clk 1:00:43]} 2. d4 {[%clk 1:01:20]} d5
{[%clk 1:00:43]} 3. exd5 {[%clk 1:01:42]} exd5 {[%clk 1:00:41]} 4. c4
{[%clk 1:02:06]} Nf6 {[%clk 0:59:52]} 5. Nc3 {[%clk 1:01:39]} Be7
{[%clk 0:56:50]} 6. Bd3 {[%clk 1:00:44]} Be6 {[%clk 0:53:55]} 7. cxd5
{[%clk 0:57:37]} Nxd5 {[%clk 0:53:47]} 8. Nge2 {[%clk 0:55:48]} Nd7
{[%clk 0:50:55]} 9. O-O {[%clk 0:54:21]} N7f6 {[%clk 0:50:17]} 10. Re1
{[%clk 0:52:24]} O-O {[%clk 0:49:22]} 11. Nf4 {[%clk 0:48:26]} Nxf4
{[%clk 0:46:22]} 12. Bxf4 {[%clk 0:47:24]} Bd6 {[%clk 0:40:38]} 13. Be5
{[%clk 0:42:36]} Ng4 {[%clk 0:35:37]} 14. h3 {[%clk 0:35:26]} Nxe5
{[%clk 0:31:24]} 15. dxe5 {[%clk 0:35:45]} Bc5 {[%clk 0:31:10]} 16. Qc2
{[%clk 0:33:59]} h6 {[%clk 0:29:18]} 17. Rad1 {[%clk 0:29:23]} Qe7
{[%clk 0:28:23]} 18. Be4 {[%clk 0:26:42]} c6 {[%clk 0:23:21]} 19. Bf3
{[%clk 0:25:09]} Rad8 {[%clk 0:21:15]} 20. Qa4 {[%clk 0:21:45]} a6
{[%clk 0:18:35]} 21. Ne4 {[%clk 0:20:14]} Bb4 {[%clk 0:17:09]} 22. Rxd8
{[%clk 0:18:19]} Rxd8 {[%clk 0:17:27]} 23. Rd1 {[%clk 0:18:35]} Rxd1+
{[%clk 0:16:52]} 24. Bxd1 {[%clk 0:15:55]} Bd5 {[%clk 0:15:32]} 25. Bf3
{[%clk 0:13:35]} Bxe4 {[%clk 0:15:33]} 26. Bxe4 {[%clk 0:13:54]} Bc5
{[%clk 0:15:46]} 27. Qc4 {[%clk 0:06:10]} Qxe5 {[%clk 0:14:27]} 28. Qc2
{[%clk 0:06:23]} Bd6 {[%clk 0:13:24]} 29. g3 {[%clk 0:04:40]} Bc5
{[%clk 0:10:50]} 30. Kg2 {[%clk 0:04:56]} Bd4 {[%clk 0:09:35]} 31. b3
{[%clk 0:04:32]} Qf6 {[%clk 0:08:17]} 32. Bf3 {[%clk 0:04:18]} g6
{[%clk 0:08:21]} 33. Qe4 {[%clk 0:04:13]} 1/2-1/2

[Event "V4 Liptov 2017"]
[Site "?"]
[Date "2017.06.22"]
[Round "2.2"]
[White "Szotkowski, David"]
[Black "Sandor, Martin"]
[Result "1/2-1/2"]
[BlackElo "1858"]
[WhiteElo "1901"]
[LiveChessVersion "1.4.8"]

1. d4 {[%clk 1:00:57]} d5 {[%clk 1:00:55]} 2. c4 {[%clk 1:01:16]} e6
{[%clk 1:01:18]} 3. Nc3 {[%clk 1:01:29]} Nf6 {[%clk 1:01:18]} 4. cxd5
{[%clk 1:01:36]} exd5 {[%clk 1:01:23]} 5. Bg5 {[%clk 1:01:26]} Be7
{[%clk 1:01:13]} 6. e3 {[%clk 1:01:16]} c6 {[%clk 1:00:03]} 7. Bd3
{[%clk 1:01:13]} O-O {[%clk 0:57:30]} 8. Nge2 {[%clk 1:01:17]} Nh5
{[%clk 0:52:11]} 9. Bxe7 {[%clk 0:59:40]} Qxe7 {[%clk 0:52:18]} 10. O-O
{[%clk 0:59:09]} g6 {[%clk 0:49:27]} 11. Ng3 {[%clk 0:57:12]} Nxg3
{[%clk 0:45:31]} 12. hxg3 {[%clk 0:54:53]} Nd7 {[%clk 0:43:40]} 13. a3
{[%clk 0:49:19]} Nf6 {[%clk 0:41:33]} 14. b4 {[%clk 0:46:06]} Ne4
{[%clk 0:37:27]} 15. Bxe4 {[%clk 0:42:08]} dxe4 {[%clk 0:36:42]} 16. Qc2
{[%clk 0:42:04]} f5 {[%clk 0:23:41]} 17. b5 {[%clk 0:37:13]} cxb5
{[%clk 0:17:20]} 18. Nxb5 {[%clk 0:36:23]} Bd7 {[%clk 0:15:32]} 19. Qb3+
{[%clk 0:35:29]} Rf7 {[%clk 0:11:35]} 20. Rac1 {[%clk 0:33:27]} Bxb5
{[%clk 0:10:22]} 21. Qxb5 {[%clk 0:33:30]} Qxa3 {[%clk 0:08:40]} 22. Rc2
{[%clk 0:26:40]} Qd6 {[%clk 0:06:41]} 23. Rfc1 {[%clk 0:24:20]} a6
{[%clk 0:06:23]} 24. Qb3 {[%clk 0:23:42]} Kg7 {[%clk 0:05:57]} 25. Rc5
{[%clk 0:21:10]} Rd7 {[%clk 0:04:36]} 26. Qc3 {[%clk 0:16:10]} Rb8
{[%clk 0:02:58]} 27. Qa1 {[%clk 0:13:01]} Kf7 {[%clk 0:02:33]} 28. Qa2+
{[%clk 0:06:18]} Kg7 {[%clk 0:02:56]} 29. Qa1 {[%clk 0:06:34]} Kf7
{[%clk 0:03:15]} 30. Qa2+ {[%clk 0:06:57]} 1/2-1/2

[Event "V4 Liptov 2017"]
[Site "?"]
[Date "2017.06.22"]
[Round "2.3"]
[White "Valigursky, Michal"]
[Black "Demko, Robert"]
[Result "1-0"]
[BlackElo "1730"]
[WhiteElo "1713"]
[LiveChessVersion "1.4.8"]

1. e4 {[%clk 1:00:58]} c5 {[%clk 1:00:52]} 2. Nf3 {[%clk 1:01:19]} d6
{[%clk 1:01:12]} 3. c3 {[%clk 1:01:27]} Nf6 {[%clk 0:59:37]} 4. Bd3
{[%clk 1:01:44]} Nc6 {[%clk 0:58:58]} 5. Bc2 {[%clk 1:01:41]} Bg4
{[%clk 0:57:38]} 6. O-O {[%clk 0:58:03]} e6 {[%clk 0:56:10]} 7. d4
{[%clk 0:56:37]} cxd4 {[%clk 0:52:14]} 8. cxd4 {[%clk 0:56:57]} Qb6
{[%clk 0:51:00]} 9. d5 {[%clk 0:53:50]} Ne5 {[%clk 0:50:17]} 10. Nc3
{[%clk 0:52:07]} O-O-O {[%clk 0:46:54]} 11. Be3 {[%clk 0:43:58]} Qa5
{[%clk 0:44:45]} 12. Ba4 {[%clk 0:42:18]} Kb8 {[%clk 0:42:23]} 13. a3
{[%clk 0:33:54]} a6 {[%clk 0:39:09]} 14. b4 {[%clk 0:34:02]} Qc7 {[%clk 0:39:30]}
15. Rc1 {[%clk 0:30:44]} Nxf3+ {[%clk 0:32:00]} 16. gxf3 {[%clk 0:31:03]} Bh3
{[%clk 0:32:00]} 17. Nb5 {[%clk 0:29:03]} Qe7 {[%clk 0:24:03]} 18. Qd4
{[%clk 0:29:05]} b6 {[%clk 0:20:56]} 19. Qxb6+ {[%clk 0:29:26]} 1-0

[Event "V4 Liptov 2017"]
[Site "?"]
[Date "2017.06.22"]
[Round "2.4"]
[White "Gresova, Zuzana"]
[Black "Vozarova, Adriana"]
[Result "1-0"]
[BlackElo "1681"]
[WhiteElo "1859"]
[LiveChessVersion "1.4.8"]

1. d4 {[%clk 1:00:57]} d5 {[%clk 1:00:50]} 2. c4 {[%clk 1:01:18]} e6
{[%clk 1:01:05]} 3. Nc3 {[%clk 1:01:13]} Nf6 {[%clk 1:00:49]} 4. cxd5
{[%clk 1:00:32]} exd5 {[%clk 1:00:48]} 5. Bg5 {[%clk 1:00:06]} Be7
{[%clk 0:59:28]} 6. e3 {[%clk 1:00:02]} Bf5 {[%clk 0:58:21]} 7. Qb3
{[%clk 0:54:36]} b6 {[%clk 0:42:41]} 8. Bxf6 {[%clk 0:50:13]} Bxf6
{[%clk 0:42:11]} 9. Qxd5 {[%clk 0:49:16]} Qxd5 {[%clk 0:42:13]} 10. Nxd5
{[%clk 0:49:38]} Bd8 {[%clk 0:40:38]} 11. Rc1 {[%clk 0:46:13]} c6
{[%clk 0:36:42]} 12. Nb4 {[%clk 0:42:44]} Kd7 {[%clk 0:35:30]} 13. Nf3
{[%clk 0:41:46]} f6 {[%clk 0:34:33]} 14. Be2 {[%clk 0:38:34]} Be7
{[%clk 0:32:52]} 15. Nd3 {[%clk 0:36:43]} a5 {[%clk 0:29:38]} 16. O-O
{[%clk 0:34:45]} Na6 {[%clk 0:24:20]} 17. Rfd1 {[%clk 0:31:09]} Be4
{[%clk 0:22:40]} 18. Nd2 {[%clk 0:25:54]} Bd5 {[%clk 0:21:44]} 19. Bg4+
{[%clk 0:23:01]} Kc7 {[%clk 0:20:09]} 20. a3 {[%clk 0:20:19]} Kb7
{[%clk 0:18:11]} 21. Nf4 {[%clk 0:18:29]} Bf7 {[%clk 0:17:28]} 22. Rc3
{[%clk 0:14:54]} h5 {[%clk 0:16:00]} 23. Bf3 {[%clk 0:13:42]} Rac8
{[%clk 0:15:23]} 24. Rdc1 {[%clk 0:12:30]} Nb8 {[%clk 0:13:12]} 25. d5
{[%clk 0:09:15]} Be8 {[%clk 0:10:19]} 26. Ne6 {[%clk 0:07:45]} g5
{[%clk 0:06:40]} 27. Nd4 {[%clk 0:06:20]} 1-0

[Event "V4 Liptov 2017"]
[Site "?"]
[Date "2017.06.22"]
[Round "2.5"]
[White "Szczurek, Krzysztof"]
[Black "Brnusak, Andrej"]
[Result "1-0"]
[BlackElo "1881"]
[WhiteElo "2068"]
[LiveChessVersion "1.4.8"]

1. Nf3 {[%clk 1:00:58]} Nf6 {[%clk 1:00:49]} 2. g3 {[%clk 1:01:22]} g6
{[%clk 1:01:11]} 3. Bg2 {[%clk 1:01:45]} Bg7 {[%clk 1:01:35]} 4. c4
{[%clk 1:02:10]} O-O {[%clk 1:01:24]} 5. O-O {[%clk 1:02:25]} d6 {[%clk 1:00:48]}
6. Nc3 {[%clk 1:02:18]} e5 {[%clk 1:00:00]} 7. d3 {[%clk 1:02:37]} Nc6
{[%clk 0:58:32]} 8. Rb1 {[%clk 1:01:40]} a5 {[%clk 0:55:56]} 9. b3
{[%clk 1:00:20]} Nh5 {[%clk 0:52:23]} 10. Bb2 {[%clk 0:55:22]} f5
{[%clk 0:50:12]} 11. e3 {[%clk 0:52:22]} h6 {[%clk 0:44:32]} 12. d4
{[%clk 0:50:12]} Kh7 {[%clk 0:38:55]} 13. Nd5 {[%clk 0:46:33]} e4
{[%clk 0:35:24]} 14. Ne1 {[%clk 0:46:16]} Nf6 {[%clk 0:32:36]} 15. Nxf6+
{[%clk 0:40:28]} Bxf6 {[%clk 0:31:44]} 16. a3 {[%clk 0:38:51]} Qe7
{[%clk 0:29:01]} 17. Nc2 {[%clk 0:34:57]} Bd7 {[%clk 0:26:14]} 18. Qd2
{[%clk 0:33:45]} g5 {[%clk 0:24:11]} 19. Rfe1 {[%clk 0:31:22]} Rg8
{[%clk 0:22:20]} 20. f3 {[%clk 0:22:53]} Nd8 {[%clk 0:17:22]} 21. Rf1
{[%clk 0:21:04]} Nf7 {[%clk 0:15:16]} 22. fxe4 {[%clk 0:19:41]} fxe4
{[%clk 0:15:37]} 23. Qf2 {[%clk 0:17:41]} Rg6 {[%clk 0:13:46]} 24. d5
{[%clk 0:17:47]} Bxb2 {[%clk 0:10:56]} 25. Qxf7+ {[%clk 0:16:25]} Qxf7
{[%clk 0:11:17]} 26. Rxf7+ {[%clk 0:16:52]} Rg7 {[%clk 0:11:34]} 27. Bxe4+
{[%clk 0:16:54]} Kg8 {[%clk 0:11:26]} 28. Rxd7 {[%clk 0:16:55]} Rxd7
{[%clk 0:11:28]} 29. Rxb2 {[%clk 0:17:21]} Re7 {[%clk 0:08:59]} 30. Bf5
{[%clk 0:17:29]} Re5 {[%clk 0:07:33]} 31. Be6+ {[%clk 0:17:05]} Kg7
{[%clk 0:07:56]} 32. Nd4 {[%clk 0:16:51]} Rd8 {[%clk 0:02:45]} 33. Rf2
{[%clk 0:14:10]} c5 {[%clk 0:01:18]} 34. Nf5+ {[%clk 0:11:56]} Kh7
{[%clk 0:01:02]} 35. Ne7 {[%clk 0:12:04]} h5 {[%clk 0:00:43]} 36. e4
{[%clk 0:10:36]} Kg7 {[%clk 0:00:35]} 37. Rf7+ {[%clk 0:10:47]} Kh6
{[%clk 0:00:55]} 38. Bf5 {[%clk 0:10:44]} g4 {[%clk 0:00:54]} 39. Ng6
{[%clk 0:10:47]} Ree8 {[%clk 0:00:44]} 40. Nf4 {[%clk 0:11:01]} b6
{[%clk 0:00:41]} 41. Ne6 {[%clk 0:11:16]} 1-0

[Event "V4 Liptov 2017"]
[Site "?"]
[Date "2017.06.22"]
[Round "2.6"]
[White "Holly, Andrej"]
[Black "Golda, Sebastian"]
[Result "1-0"]
[BlackElo "1997"]
[WhiteElo "1817"]
[LiveChessVersion "1.4.8"]

1. e4 {[%clk 1:00:58]} c5 {[%clk 0:59:09]} 2. Nf3 {[%clk 1:00:53]} d6
{[%clk 0:59:35]} 3. d4 {[%clk 1:01:42]} cxd4 {[%clk 0:59:47]} 4. Nxd4
{[%clk 1:01:59]} Nf6 {[%clk 1:00:12]} 5. Nc3 {[%clk 1:02:00]} a6 {[%clk 1:00:16]}
6. Be3 {[%clk 1:01:31]} e5 {[%clk 0:57:56]} 7. Nb3 {[%clk 1:01:34]} Be7
{[%clk 0:58:05]} 8. f3 {[%clk 1:01:27]} O-O {[%clk 0:58:13]} 9. Qd2
{[%clk 1:01:17]} Be6 {[%clk 0:58:38]} 10. O-O-O {[%clk 1:01:03]} a5
{[%clk 0:58:47]} 11. a4 {[%clk 0:58:06]} Nc6 {[%clk 0:59:13]} 12. g4
{[%clk 0:57:40]} Nb4 {[%clk 0:58:44]} 13. g5 {[%clk 0:52:47]} Nh5
{[%clk 0:53:31]} 14. Rg1 {[%clk 0:50:16]} Rc8 {[%clk 0:53:19]} 15. Kb1
{[%clk 0:49:22]} f5 {[%clk 0:29:37]} 16. gxf6 {[%clk 0:40:47]} Rxf6
{[%clk 0:24:55]} 17. Bg5 {[%clk 0:39:00]} Rxf3 {[%clk 0:22:19]} 18. Bxe7
{[%clk 0:37:25]} Qxe7 {[%clk 0:22:48]} 19. Qxd6 {[%clk 0:35:53]} Qf7
{[%clk 0:19:27]} 20. Be2 {[%clk 0:28:20]} Rh3 {[%clk 0:07:55]} 21. Qxe5
{[%clk 0:20:34]} Nf4 {[%clk 0:00:53]} 22. Rdf1 {[%clk 0:18:53]} Rh4
{[%clk 0:00:49]} 23. Qg5 {[%clk 0:17:44]} Rxc3 {[%clk 0:00:55]} 24. bxc3
{[%clk 0:16:45]} Bxb3 {[%clk 0:01:19]} 25. Qd8+ {[%clk 0:16:18]} Qf8
{[%clk 0:01:42]} 26. Qxf8+ {[%clk 0:16:20]} Kxf8 {[%clk 0:02:11]} 27. cxb3
{[%clk 0:16:30]} Nc6 {[%clk 0:02:35]} 28. Rg4 {[%clk 0:16:35]} Rxg4
{[%clk 0:02:41]} 29. Bxg4 {[%clk 0:16:59]} g5 {[%clk 0:03:09]} 30. h4
{[%clk 0:15:54]} h6 {[%clk 0:03:38]} 31. hxg5 {[%clk 0:16:08]} hxg5
{[%clk 0:04:07]} 32. Kc2 {[%clk 0:16:05]} Ke7 {[%clk 0:04:26]} 33. Rh1
{[%clk 0:16:07]} Ne5 {[%clk 0:03:42]} 34. Bc8 {[%clk 0:15:55]} b6
{[%clk 0:03:38]} 35. Rh6 {[%clk 0:14:40]} Neg6 {[%clk 0:02:20]} 36. Bf5
{[%clk 0:14:34]} Kf6 {[%clk 0:02:31]} 37. Bxg6 {[%clk 0:14:25]} Nxg6
{[%clk 0:02:59]} 38. Kd3 {[%clk 0:14:35]} g4 {[%clk 0:03:24]} 39. Ke3
{[%clk 0:14:57]} Kg5 {[%clk 0:03:53]} 40. Rxg6+ {[%clk 0:15:05]} Kxg6
{[%clk 0:04:21]} 41. Kf4 {[%clk 0:15:31]} Kf6 {[%clk 0:04:34]} 42. Kxg4
{[%clk 0:15:56]} Ke5 {[%clk 0:05:03]} 43. Kf3 {[%clk 0:16:20]} Kd6
{[%clk 0:05:17]} 44. Kf4 {[%clk 0:16:45]} 1-0

[Event "V4 Liptov 2017"]
[Site "?"]
[Date "2017.06.22"]
[Round "2.7"]
[White "Dylag, Emilia"]
[Black "Brnusak, Tomas"]
[Result "1/2-1/2"]
[BlackElo "1796"]
[WhiteElo "1833"]
[LiveChessVersion "1.4.8"]

1. d4 {[%clk 1:00:57]} Nf6 {[%clk 1:00:51]} 2. c4 {[%clk 1:01:12]} g6
{[%clk 1:00:51]} 3. Nc3 {[%clk 1:01:25]} Bg7 {[%clk 1:00:04]} 4. e4
{[%clk 1:01:41]} d6 {[%clk 0:59:40]} 5. h3 {[%clk 1:01:33]} O-O {[%clk 0:58:47]}
6. Nf3 {[%clk 1:01:36]} Na6 {[%clk 0:57:04]} 7. Bg5 {[%clk 0:59:20]} Qe8
{[%clk 0:56:49]} 8. Bd3 {[%clk 0:53:22]} c6 {[%clk 0:54:56]} 9. g4
{[%clk 0:42:51]} e5 {[%clk 0:52:15]} 10. d5 {[%clk 0:42:08]} h6 {[%clk 0:42:33]}
11. Be3 {[%clk 0:42:14]} Nh7 {[%clk 0:39:39]} 12. Rg1 {[%clk 0:38:24]} Qe7
{[%clk 0:38:08]} 13. h4 {[%clk 0:34:15]} g5 {[%clk 0:26:46]} 14. hxg5
{[%clk 0:33:23]} hxg5 {[%clk 0:27:02]} 15. Qd2 {[%clk 0:27:21]} f6
{[%clk 0:25:53]} 16. Rd1 {[%clk 0:25:18]} Rd8 {[%clk 0:23:36]} 17. Nh2
{[%clk 0:23:17]} Nf8 {[%clk 0:22:08]} 18. Nf1 {[%clk 0:21:12]} Ng6
{[%clk 0:22:19]} 19. Be2 {[%clk 0:20:14]} Nf4 {[%clk 0:21:27]} 20. Ng3
{[%clk 0:18:15]} Kf7 {[%clk 0:19:42]} 21. Nf5 {[%clk 0:16:15]} Bxf5
{[%clk 0:20:01]} 22. gxf5 {[%clk 0:16:15]} Nxe2 {[%clk 0:20:20]} 23. Kxe2
{[%clk 0:15:43]} c5 {[%clk 0:19:45]} 24. Rh1 {[%clk 0:11:58]} Rh8
{[%clk 0:18:45]} 25. a3 {[%clk 0:09:27]} Qd7 {[%clk 0:16:27]} 26. Qc1
{[%clk 0:07:54]} Nc7 {[%clk 0:15:30]} 27. a4 {[%clk 0:06:16]} a6 {[%clk 0:14:35]}
28. Rxh8 {[%clk 0:04:47]} Rxh8 {[%clk 0:14:56]} 29. Rh1 {[%clk 0:05:03]} Rxh1
{[%clk 0:14:40]} 30. Qxh1 {[%clk 0:05:27]} b5 {[%clk 0:14:48]} 31. axb5
{[%clk 0:02:14]} axb5 {[%clk 0:15:08]} 32. b3 {[%clk 0:01:39]} bxc4
{[%clk 0:11:49]} 1/2-1/2

[Event "V4 Liptov 2017"]
[Site "?"]
[Date "2017.06.22"]
[Round "2.8"]
[White "Korenova, Simona"]
[Black "Surpeta, Julia"]
[Result "1-0"]
[BlackElo "1302"]
[WhiteElo "1701"]
[LiveChessVersion "1.4.8"]

1. d4 {[%clk 1:00:58]} Nf6 {[%clk 1:00:37]} 2. c4 {[%clk 1:01:18]} d6
{[%clk 1:00:43]} 3. Nc3 {[%clk 1:01:08]} g6 {[%clk 1:01:00]} 4. Nf3
{[%clk 1:01:04]} Bg7 {[%clk 0:59:49]} 5. e3 {[%clk 1:00:46]} O-O {[%clk 0:57:36]}
6. Be2 {[%clk 0:58:57]} Nbd7 {[%clk 0:55:02]} 7. O-O {[%clk 0:55:15]} c6
{[%clk 0:47:07]} 8. b3 {[%clk 0:48:46]} Re8 {[%clk 0:43:18]} 9. Bb2
{[%clk 0:44:55]} e5 10. d5 {[%clk 0:35:34]} e4 {[%clk 0:30:50]} 11. dxc6
{[%clk 0:31:22]} bxc6 {[%clk 0:30:18]} 12. Nd4 {[%clk 0:28:00]} Bb7
{[%clk 0:29:19]} 13. Ba3 {[%clk 0:23:24]} Nf8 {[%clk 0:20:27]} 14. Rc1
{[%clk 0:17:56]} a6 {[%clk 0:19:49]} 15. Re1 {[%clk 0:13:43]} c5 {[%clk 0:16:25]}
16. Nc2 {[%clk 0:13:30]} Ne6 {[%clk 0:14:38]} 17. b4 {[%clk 0:09:53]} Nd7
{[%clk 0:11:02]} 18. Nd5 {[%clk 0:08:19]} cxb4 {[%clk 0:10:23]} 19. Bxb4
{[%clk 0:07:30]} Nf6 {[%clk 0:07:55]} 20. Nxf6+ {[%clk 0:06:25]} Qxf6
{[%clk 0:07:10]} 21. Qxd6 {[%clk 0:05:12]} Red8 {[%clk 0:07:02]} 22. Qe7
{[%clk 0:04:59]} Qxe7 {[%clk 0:03:37]} 23. Bxe7 {[%clk 0:05:27]} Rd7
{[%clk 0:03:52]} 24. Ba3 {[%clk 0:05:05]} Bc3 {[%clk 0:02:58]} 25. Red1
{[%clk 0:04:51]} Rad8 {[%clk 0:02:05]} 26. Bb4 {[%clk 0:04:08]} 1-0

[Event "V4 Liptov 2017"]
[Site "?"]
[Date "2017.06.22"]
[Round "2.9"]
[White "Hrebicik, David"]
[Black "Kulesza, Andrzej"]
[Result "0-1"]
[BlackElo "1670"]
[WhiteElo "1775"]
[LiveChessVersion "1.4.8"]

1. d4 {[%clk 1:00:54]} Nf6 {[%clk 1:00:34]} 2. c4 {[%clk 1:01:18]} g6
{[%clk 1:00:19]} 3. Nc3 {[%clk 1:01:41]} d5 {[%clk 1:00:24]} 4. cxd5
{[%clk 1:00:22]} Nxd5 {[%clk 1:00:14]} 5. e4 {[%clk 1:00:24]} Nxc3
{[%clk 0:59:37]} 6. bxc3 {[%clk 1:00:46]} Bg7 {[%clk 0:59:23]} 7. Nf3
{[%clk 0:53:18]} O-O {[%clk 0:58:35]} 8. Be2 {[%clk 0:48:48]} c5 {[%clk 0:57:23]}
9. Be3 {[%clk 0:45:54]} Nc6 {[%clk 0:56:24]} 10. O-O {[%clk 0:40:50]} Bg4
{[%clk 0:55:06]} 11. d5 {[%clk 0:37:31]} Ne5 {[%clk 0:51:25]} 12. Nxe5
{[%clk 0:31:40]} Bxe2 {[%clk 0:51:50]} 13. Qxe2 {[%clk 0:32:02]} Bxe5
{[%clk 0:52:12]} 14. Rac1 {[%clk 0:25:45]} Rc8 {[%clk 0:50:48]} 15. f4
{[%clk 0:25:35]} Bg7 {[%clk 0:50:59]} 16. c4 {[%clk 0:18:58]} Qc7
{[%clk 0:48:28]} 17. Rf3 {[%clk 0:13:52]} b6 {[%clk 0:46:02]} 18. Rh3
{[%clk 0:12:58]} Qd7 {[%clk 0:45:14]} 19. Qf2 {[%clk 0:11:11]} Qg4
{[%clk 0:44:34]} 20. Rh4 {[%clk 0:08:26]} Qd7 {[%clk 0:44:26]} 21. Kh1
{[%clk 0:08:02]} e6 {[%clk 0:43:43]} 22. Qd2 {[%clk 0:04:43]} Rcd8
{[%clk 0:42:59]} 23. Rd1 {[%clk 0:03:54]} exd5 {[%clk 0:42:44]} 24. cxd5
{[%clk 0:03:47]} Qe7 {[%clk 0:43:01]} 25. Rh3 {[%clk 0:01:59]} Qxe4
{[%clk 0:42:16]} 26. Bf2 {[%clk 0:01:29]} Bd4 {[%clk 0:39:52]} 27. Bxd4
{[%clk 0:01:03]} Rxd5 {[%clk 0:39:57]} 28. Rd3 {[%clk 0:00:45]} Rxd4
{[%clk 0:40:15]} 29. Rxd4 {[%clk 0:01:00]} Qxd4 {[%clk 0:40:32]} 30. Qxd4
{[%clk 0:01:21]} cxd4 {[%clk 0:41:01]} 31. Rxd4 {[%clk 0:01:39]} Rc8
{[%clk 0:41:19]} 32. Rd1 {[%clk 0:01:28]} Rc2 {[%clk 0:41:41]} 33. Ra1
{[%clk 0:01:45]} b5 {[%clk 0:41:56]} 34. h3 {[%clk 0:01:38]} b4 {[%clk 0:42:21]}
35. Kh2 {[%clk 0:00:54]} a5 {[%clk 0:42:45]} 36. Kg3 {[%clk 0:00:55]} f5
{[%clk 0:42:32]} 37. Kf3 {[%clk 0:01:00]} Kf7 {[%clk 0:42:57]} 38. g4
{[%clk 0:00:49]} Ke6 {[%clk 0:43:12]} 39. Re1+ {[%clk 0:00:34]} Kd6
{[%clk 0:43:36]} 40. Ra1 {[%clk 0:00:40]} Kc5 {[%clk 0:43:53]} 41. gxf5
{[%clk 0:00:47]} gxf5 {[%clk 0:44:21]} 42. Kg3 {[%clk 0:00:55]} Kc4
{[%clk 0:44:41]} 43. Kh4 {[%clk 0:01:05]} Kc3 {[%clk 0:45:02]} 44. Kg5
{[%clk 0:01:18]} Kb2 {[%clk 0:45:24]} 45. Rf1 {[%clk 0:00:32]} Kxa2
{[%clk 0:45:41]} 46. Kxf5 {[%clk 0:00:57]} b3 {[%clk 0:46:07]} 47. Ke6
{[%clk 0:00:53]} Re2+ {[%clk 0:46:28]} 48. Kf7 {[%clk 0:00:36]} b2
{[%clk 0:46:53]} 49. f5 {[%clk 0:01:01]} b1=Q {[%clk 0:47:18]} 50. Rxb1
{[%clk 0:01:26]} Kxb1 {[%clk 0:47:45]} 51. Kg7 {[%clk 0:01:38]} Rh2
{[%clk 0:47:57]} 0-1

[Event "V4 Liptov 2017"]
[Site "?"]
[Date "2017.06.22"]
[Round "2.10"]
[White "Sobelga, Lukasz"]
[Black "Bielik, Jakub"]
[Result "0-1"]
[BlackElo "1879"]
[WhiteElo "1459"]
[LiveChessVersion "1.4.8"]

1. e4 {[%clk 1:00:58]} e6 {[%clk 1:00:54]} 2. d4 {[%clk 1:01:19]} d5
{[%clk 1:01:18]} 3. exd5 {[%clk 1:01:43]} exd5 {[%clk 1:01:41]} 4. Bd3
{[%clk 1:01:48]} Nc6 {[%clk 1:01:55]} 5. Nf3 {[%clk 1:01:53]} Bg4
{[%clk 1:01:15]} 6. Be3 {[%clk 1:00:11]} Nf6 {[%clk 1:00:02]} 7. c3
{[%clk 0:58:45]} Qd7 {[%clk 0:59:00]} 8. O-O {[%clk 0:58:02]} Be7
{[%clk 0:57:12]} 9. Nbd2 {[%clk 0:56:54]} Bh5 {[%clk 0:50:57]} 10. Qb3
{[%clk 0:55:33]} O-O {[%clk 0:43:31]} 11. Bb5 {[%clk 0:54:04]} Bd6
{[%clk 0:36:36]} 12. Bg5 {[%clk 0:52:40]} Ne4 {[%clk 0:27:43]} 13. c4
{[%clk 0:47:10]} Nxd2 {[%clk 0:25:09]} 14. Bxd2 {[%clk 0:47:08]} Qf5
{[%clk 0:23:38]} 15. c5 {[%clk 0:43:08]} Bxf3 {[%clk 0:20:44]} 16. Bxc6
{[%clk 0:40:42]} bxc6 {[%clk 0:18:36]} 17. cxd6 {[%clk 0:40:04]} Bh5
{[%clk 0:17:24]} 18. dxc7 {[%clk 0:40:01]} Rfc8 {[%clk 0:15:51]} 19. Ba5
{[%clk 0:39:32]} Qf6 {[%clk 0:13:02]} 20. Qb4 {[%clk 0:38:25]} Qg6
{[%clk 0:09:38]} 21. Qc3 {[%clk 0:36:49]} Qf6 {[%clk 0:07:16]} 22. Rac1
{[%clk 0:36:43]} Qg5 {[%clk 0:05:53]} 23. Rfe1 {[%clk 0:35:32]} f5
{[%clk 0:05:38]} 24. Qg3 {[%clk 0:34:34]} Qf6 {[%clk 0:05:32]} 25. Qe5
{[%clk 0:33:38]} Qg5 {[%clk 0:05:24]} 26. Rxc6 {[%clk 0:33:26]} Bf7
{[%clk 0:03:52]} 27. g3 {[%clk 0:31:27]} Qh5 {[%clk 0:03:07]} 28. Rd6
{[%clk 0:31:14]} Qg5 {[%clk 0:00:58]} 29. Qe7 {[%clk 0:30:54]} Qxe7
{[%clk 0:00:59]} 30. Rxe7 {[%clk 0:31:21]} Kf8 {[%clk 0:00:56]} 31. Rd8+
{[%clk 0:31:40]} Kxe7 {[%clk 0:01:20]} 32. Rxc8 {[%clk 0:31:45]} Rxc8
{[%clk 0:01:45]} 33. Kg2 {[%clk 0:32:08]} Kd7 {[%clk 0:01:23]} 34. Kf3
{[%clk 0:32:30]} g5 {[%clk 0:01:23]} 35. h4 {[%clk 0:32:43]} h6 {[%clk 0:01:32]}
36. hxg5 {[%clk 0:33:04]} hxg5 {[%clk 0:01:56]} 37. Ke3 {[%clk 0:33:32]} Bh5
{[%clk 0:01:16]} 38. Kd2 {[%clk 0:33:45]} Re8 {[%clk 0:01:33]} 39. Kc3
{[%clk 0:34:02]} Re2 {[%clk 0:01:40]} 40. f4 {[%clk 0:34:27]} Re3+
{[%clk 0:01:31]} 41. Kb4 {[%clk 0:34:47]} Rxg3 {[%clk 0:01:37]} 42. fxg5
{[%clk 0:35:00]} Rxg5 {[%clk 0:01:53]} 43. Kb5 {[%clk 0:35:24]} Be2+
{[%clk 0:02:08]} 44. Kc5 {[%clk 0:35:45]} f4 {[%clk 0:01:56]} 45. Bd2
{[%clk 0:36:08]} Rf5 {[%clk 0:02:12]} 46. Be1 {[%clk 0:36:20]} Kxc7
{[%clk 0:02:16]} 47. b4 {[%clk 0:36:41]} Bc4 {[%clk 0:01:11]} 48. a4
{[%clk 0:36:52]} f3 {[%clk 0:00:46]} 49. Bf2 {[%clk 0:37:15]} Rh5
{[%clk 0:00:47]} 50. b5 {[%clk 0:37:34]} Kb7 {[%clk 0:01:06]} 51. a5
{[%clk 0:37:44]} a6 {[%clk 0:00:54]} 52. bxa6+ {[%clk 0:38:05]} Kxa6
{[%clk 0:01:17]} 0-1